Nákup offline

Nové technológie sa presadzujú aj v oblasti bankových a kartových platieb. Bezpečnosť platobných operácií.

Guardado en:
Detalles Bibliográficos
Autor principal: Gajdošová, Anna
Formato: Capítulo de libro
Lenguaje:eslovaco
Materias:
Etiquetas: Agregar Etiqueta
Sin Etiquetas, Sea el primero en etiquetar este registro!

MARC

LEADER 00000naa a2200000 4500
001 r049448
005 20231004094933.2
041 0 |a slo 
044 |a SK 
245 1 0 |a Nákup offline  |c Anna Gajdošová 
520 |a Nové technológie sa presadzujú aj v oblasti bankových a kartových platieb. Bezpečnosť platobných operácií. 
610 2 0 |a platby obchodné 
610 2 0 |a technológie nové 
610 2 0 |a pokrok technický 
610 2 0 |a obchod 
100 1 |a Gajdošová, Anna